Statistiques concernant Les jeux les plus joués en avril 2022

Cliquez ici pour prendre le quiz!

Statistiques générales

  • Ce quiz a été pris 57 fois
  • Le résultat moyen est 4 sur 10

Statistiques - réponses

#Réponse% Correct
10Fortnite
85%
2League of Legends
73%
1Minecraft
67%
5Call of Duty
54%
4Valorant
48%
3Counter Strike : Global Offensive
40%
6GTA 5
31%
7Apex Legends
19%
9Roblox
12%
8Lost Ark
2%

Distribution des résultats

Percentile par nombre de réponses

% des personnes avec chaque résultat

Votre développement - résultats

Vous n’avez pas pris ce quiz